| Registos Bibliográficos associados ao registo de autoridade |
|
Etiqueta de registo: 00254nam 2200025 450 001 2232940 003 http://id.bnportugal.gov.pt/bib/catbnp/2232940 010 ## $a978-989-35755-1-2 021 ## $aPT$b543314/25 100 ## $a20251126d2025 m y0pory01030103ba 101 0# $apor 102 ## $aPT 105 ## $aa z 000yy 106 ## $ar 200 1# $a O que pode uma imagem falar$fdir. artística Luís Rocha$gcoord. do projecto Tânia Rocha 210 #9 $a[Lisboa]$cCentro Educativo da Bela Vista, etc.,$d2025 215 ## $a1 v.$cil.$d18 cm 675 ## $a77A/Z(=1:469)"20"(083.82)$vBN$zpor$31300186 675 ## $a7.038.5A/Z(=1:469)"20"(083.82)$vBN$zpor$31390346 675 ## $a77.04(=1:469)"20"(083.82)$vBN$zpor$31493140 702 #1 $aRocha,$bLuís,$f1970-$4300$31411098 702 #1 $94$aRocha,$bTânia$4340$31973234 801 #0 $aPT$bBN$gRPC 856 41 $uhttp://rnod.bnportugal.gov.pt/ImagesBN/winlibimg.aspx?skey=&doc=2232940&img=217309&save=true 900 ## $aBIBNAC$d20260121 966 ## $lBN$mFGMON$sB.A. 12534 P.$x1 966 ## $lBN$mFGMON$sB.A. 12534 P.-D$x1 971 ## $cabrito$d20251126 972 ## $e0$z0$d20260121$vasantos 973 ## $cacosta$d20260107
|
|
|